[Event "VIE-ch U07"]
[Site "Ho Chi Minh City"]
[Date "2014.07.17"]
[Round "7"]
[White "Ngo, Trong Quoc Dat"]
[Black "Le, Duc Tri"]
[Result "0-1"]
[WhiteElo "1411"]
[BlackElo "1367"]
[PlyCount "55"]
[EventDate "2014.07.13"]
[EventType "swiss"]
[EventRounds "9"]
[EventCountry "VIE"]
[SourceTitle "EXT 2016"]
[Source "ChessBase"]
[SourceDate "2015.10.08"]
[SourceVersion "1"]
[SourceVersionDate "2015.10.08"]
[SourceQuality "1"]

1. e4 e5 2. Nf3 Nc6 3. Bc4 h6 4. d3 Nf6 5. Be3 Be7 6. 0-0 0-0 7. Nc3 a6 8. Bd5 a5 9. Bxc6 dxc6 10. Nxe5 Bd6 11. Nf3 Bg4 12. Bd4 c5 13. e5 cxd4 14. exf6 Qxf6 15. Nd5 Qd8 16. h3 Bxf3 17. Qxf3 Qe8 18. Rfe1 Qd8 19. Re2 c6 20. Nf4 Re8 21. Rxe8+ Qxe8 22. Ne2 Qe5 23. Kf1 Qh2 24. g4 a4 25. Nxd4 c5 26. Qxb7 Qxh3+ 27. Ke1 Rd8 28. Nb5 0-1

[Event "VIE-ch U07"]
[Site "Ho Chi Minh City"]
[Date "2014.07.15"]
[Round "5"]
[White "Ngo, Trong Quoc Dat"]
[Black "Do, Dac Loc"]
[Result "1-0"]
[WhiteElo "1411"]
[BlackElo "1388"]
[PlyCount "27"]
[EventDate "2014.07.13"]
[EventType "swiss"]
[EventRounds "9"]
[EventCountry "VIE"]
[SourceTitle "EXT 2016"]
[Source "ChessBase"]
[SourceDate "2015.10.08"]
[SourceVersion "1"]
[SourceVersionDate "2015.10.08"]
[SourceQuality "1"]

1. e4 e5 2. Nf3 Nc6 3. Bc4 Nf6 4. Ng5 Qe7 5. Nxf7 Rg8 6. Ng5 Rh8 7. 0-0 d6 8. Bf7+ Kd8 9. Bc4 d5 10. exd5 Bf5 11. dxc6 bxc6 12. Nf7+ Ke8 13. Nxh8 Rb8 14. Nc3 1-0